Places To Study

There are group study rooms, individual study carrels, computer labs, and other spaces to study in the Libraries.

Reserve A Group Room

Online Resources

Access thousands of eBooks, audiobooks, and online journals from the comfort of your home.

Explore Resources

Events and Workshops

Join our upcoming events and workshops to enhance your skills and knowledge.

View Events

ဋီကာကျော်ရှင်းတမ်း၊ (Record no. 2722)

MARC details
000 -LEADER
fixed length control field 00795nam a22001817a 4500
003 - CONTROL NUMBER IDENTIFIER
control field OSt
005 - DATE AND TIME OF LATEST TRANSACTION
control field 20251215164212.0
008 - FIXED-LENGTH DATA ELEMENTS--GENERAL INFORMATION
fixed length control field 251215b |||||||| |||| 00| 0 eng d
040 ## - CATALOGING SOURCE
Transcribing agency DCL
082 ## - DEWEY DECIMAL CLASSIFICATION NUMBER
Classification number ၂၉၄.၃၈၂၄
100 ## - MAIN ENTRY--PERSONAL NAME
Personal name မုနိန္ဒာဘိဝံသ၊
Titles and words associated with a name အရှင်။
245 10 - TITLE STATEMENT
Title ဋီကာကျော်ရှင်းတမ်း၊
Number of part/section of a work ပထမတွဲ /
Statement of responsibility, etc. အရှင်မုနိန္ဒာဘိဝံသ။
264 ## - PRODUCTION, PUBLICATION, DISTRIBUTION, MANUFACTURE, AND COPYRIGHT NOTICE
Place of production, publication, distribution, manufacture ရန်ကုန် ၊
Name of producer, publisher, distributor, manufacturer ယုံကြည်ချက်စာပေ၊
Date of production, publication, distribution, manufacture, or copyright notice ၂၀၁၅။
300 ## - PHYSICAL DESCRIPTION
Extent ၄၅၇ စာမျက်နှာ ၊
Dimensions ၂၃ စင်တီ။
650 ## - SUBJECT ADDED ENTRY--TOPICAL TERM
Topical term or geographic name entry element ဋီကာ
Form subdivision အမေးအဖြေ
650 ## - SUBJECT ADDED ENTRY--TOPICAL TERM
Topical term or geographic name entry element အဘိဓမ္မာ
942 ## - ADDED ENTRY ELEMENTS (KOHA)
Source of classification or shelving scheme Dewey Decimal Classification
Koha item type Short Term
Suppress in OPAC No
Holdings
Withdrawn status Lost status Source of classification or shelving scheme Damaged status Not for loan Collection Accession No. Home library Current library Shelving location Date acquired Total checkouts Full call number Barcode Date last seen Price effective from Koha item type
    Dewey Decimal Classification     Myanmar Collection ၁၇၀၄ Dhammadhara Dhammadhara Myanmar Shelves 15/12/2025   ၂၉၄.၃၈၂၄ မု ၁၇၀၄ MB00001704 15/12/2025 15/12/2025 Short Term